[Event "Dinamarca ch 2007"]
[Site "Aalborg DEN"]
[Date "2007.04.02"]
[Round "3.8"]
[White "Brinck-Claussen, Bjorn"]
[Black "Rasmussen, Casper"]
[Result "0-1"]
[WhiteElo "2346"]
[BlackElo "2327"]
[PlyCount "56"]
[EventDate "2007.03.31"]
[EventType "swiss"]
[EventRounds "9"]
[EventCountry "DEN"]
[Source "lmi"]
[SourceDate "2007.03.31"]

1. e4 e5 2. Nf3 Nf6 3. Nxe5 d6 4. Nf3 Nxe4 5. Qe2 Qe7 6. d3 Nf6 7. Nc3 Bg4 8.
Qxe7+ Bxe7 9. Be2 O-O 10. h3 Bd7 11. Bf4 Re8 12. Kd2 Nc6 13. Rae1 Rab8 14. Bg5
h6 15. Be3 b5 16. a3 a5 17. Nd1 Nd5 18. Nh2 Nxe3 19. fxe3 Ne5 20. Nf3 Ng6 21.
e4 Bf6 22. b3 Nf4 23. Bf1 c5 24. g3 Ng6 25. Kc1 a4 26. bxa4 bxa4 27. d4 cxd4
28. Bd3 Ne5 0-1

[Event "Dinamarca ch 2007"]
[Site "Aalborg DEN"]
[Date "2007.04.02"]
[Round "3.9"]
[White "Jacobsen, Bo"]
[Black "Damm, Kasper Wilken"]
[Result "1-0"]
[WhiteElo "2301"]
[BlackElo "2270"]
[PlyCount "65"]
[EventDate "2007.03.31"]
[EventType "swiss"]
[EventRounds "9"]
[EventCountry "DEN"]
[Source "lmi"]
[SourceDate "2007.03.31"]

1. c4 g6 2. g3 Bg7 3. Bg2 e5 4. Nc3 d6 5. e3 f5 6. Nge2 c6 7. d4 Qe7 8. b4 Nh6
9. b5 O-O 10. bxc6 bxc6 11. O-O a5 12. Nd5 Qa7 13. dxe5 Ba6 14. Nf6+ Rxf6 15.
exf6 Bxf6 16. Rb1 Nf7 17. Bb2 Bxb2 18. Rxb2 Bxc4 19. Qb1 Nd8 20. e4 f4 21. Rd1
fxg3 22. hxg3 Nd7 23. Rxd6 Ne5 24. Rd1 a4 25. Nd4 a3 26. Rbd2 Ndf7 27. Qc1 Qa6
28. Qc3 c5 29. Nf3 Nxf3+ 30. Bxf3 Re8 31. Bg2 Be2 32. Re1 Qc4 33. Qxa3 1-0

[Event "Dinamarca ch 2007"]
[Site "Aalborg DEN"]
[Date "2007.04.02"]
[Round "3.10"]
[White "Sahl, Bjarke"]
[Black "Kristensen, Kaare"]
[Result "1/2-1/2"]
[WhiteElo "2381"]
[BlackElo "2316"]
[PlyCount "87"]
[EventDate "2007.03.31"]
[EventType "swiss"]
[EventRounds "9"]
[EventCountry "DEN"]
[Source "lmi"]
[SourceDate "2007.03.31"]

1. e4 c5 2. Nf3 d6 3. d4 cxd4 4. Nxd4 Nf6 5. Nc3 a6 6. Be3 e5 7. Nb3 Be6 8. f3
Be7 9. Qd2 O-O 10. O-O-O Nbd7 11. g4 b5 12. g5 b4 13. Na4 Ne8 14. h4 a5 15. Bb5
Rb8 16. Bc6 Qc7 17. Bd5 Rb5 18. Qd3 Bxd5 19. exd5 Qb7 20. c4 bxc3 21. Nxc3 Rxb3
22. axb3 Nc7 23. Qc4 Rb8 24. Qc6 Na6 25. Qxb7 Rxb7 26. Ne4 Rxb3 27. Bd2 a4 28.
Bc3 Nb6 29. Rhe1 Bf8 30. f4 exf4 31. Rf1 Nc7 32. Rxf4 Ncxd5 33. Rf3 a3 34. bxa3
Rxa3 35. Rdf1 Nxc3 36. Nxc3 d5 37. Nb5 Rxf3 38. Rxf3 g6 39. Nc7 h6 40. Ne8 hxg5
41. Nf6+ Kg7 42. Ne8+ Kg8 43. Nf6+ Kg7 44. Ne8+ 1/2-1/2

[Event "Dinamarca ch 2007"]
[Site "Aalborg DEN"]
[Date "2007.04.02"]
[Round "3.11"]
[White "Jaksland, Tim"]
[Black "Brautsch, Soren"]
[Result "1-0"]
[WhiteElo "2297"]
[BlackElo "2295"]
[PlyCount "107"]
[EventDate "2007.03.31"]
[EventType "swiss"]
[EventRounds "9"]
[EventCountry "DEN"]
[Source "lmi"]
[SourceDate "2007.03.31"]

1. e4 a6 2. d4 b5 3. Bd3 Bb7 4. Nf3 Nf6 5. Nbd2 e6 6. O-O d5 7. e5 Nfd7 8. c3
c5 9. Re1 Nc6 10. Nf1 Qb6 11. Be3 Be7 12. Ng3 O-O-O 13. Bf1 Kb8 14. Ne2 c4 15.
b4 Rdg8 16. Qd2 h6 17. Reb1 g5 18. g3 Qd8 19. Bg2 h5 20. a4 h4 21. axb5 axb5
22. Qc2 g4 23. Nd2 hxg3 24. fxg3 Bg5 25. Bf4 Nf8 26. Nf1 Bxf4 27. Nxf4 Nh7 28.
Ne3 Qg5 29. Qf2 Qh6 30. Ra3 Nf8 31. Rba1 Qxh2+ 32. Kf1 Nd7 33. Nexd5 exd5 34.
Nxd5 Rg5 35. Qf4 Rhh5 36. e6+ Re5 37. dxe5 fxe6 38. Ne3 Rh8 39. Nxg4 Qh7 40.
Nf6 Qd3+ 41. Kg1 Nb6 42. Qf2 Na4 43. Re1 Qd8 44. Ra2 Qc7 45. Rd2 Rd8 46. Rxd8+
Qxd8 47. Qe3 Nb2 48. Rf1 Qd3 49. Qb6 Na4 50. Nd7+ Qxd7 51. Rf8+ Qc8 52. Rxc8+
Kxc8 53. Qxb5 Nxc3 54. Qxc4 1-0

[Event "Dinamarca ch 2007"]
[Site "Aalborg DEN"]
[Date "2007.04.02"]
[Round "3.12"]
[White "Matthiesen, Martin"]
[Black "Pedersen, Steffen"]
[Result "1-0"]
[WhiteElo "2365"]
[BlackElo "2439"]
[PlyCount "99"]
[EventDate "2007.03.31"]
[EventType "swiss"]
[EventRounds "9"]
[EventCountry "DEN"]
[Source "lmi"]
[SourceDate "2007.03.31"]

1. d4 d5 2. c4 c6 3. Nf3 Nf6 4. e3 Bg4 5. Qb3 Qc7 6. Ne5 e6 7. Nxg4 Nxg4 8. h3
Nf6 9. Nc3 Nbd7 10. Qc2 Be7 11. Bd3 a6 12. O-O dxc4 13. Bxc4 c5 14. dxc5 Qxc5
15. Bd3 Rc8 16. Bd2 O-O 17. Rac1 Qa7 18. Rfd1 Nc5 19. Be2 b5 20. Bf3 Qb8 21.
Qb1 Rfd8 22. Be1 Rxd1 23. Rxd1 b4 24. Ne2 Bf8 25. Nd4 Qb6 26. Be2 g6 27. Rc1
Rc7 28. Rc4 a5 29. Qc2 Nfd7 30. Qb1 e5 31. Nf3 Ne6 32. Nd2 Ndc5 33. Ne4 Be7 34.
Qc2 Rd7 35. a3 bxa3 36. bxa3 Nxe4 37. Rxe4 Bxa3 38. Rxe5 Rc7 39. Bc4 Rxc4 40.
Qxc4 Qb1 41. Qf1 a4 42. Bc3 Qb3 43. Ba1 Bc5 44. Qc1 a3 45. g3 Bf8 46. Ra5 Ng5
47. Rxg5 f5 48. e4 a2 49. exf5 Qb1 50. Qf1 1-0

[Event "Dinamarca ch 2007"]
[Site "Aalborg DEN"]
[Date "2007.04.03"]
[Round "4.2"]
[White "Hansen, Sune Berg"]
[Black "Lund, Esben"]
[Result "1-0"]
[WhiteElo "2560"]
[BlackElo "2309"]
[PlyCount "67"]
[EventDate "2007.03.31"]
[EventType "swiss"]
[EventRounds "9"]
[EventCountry "DEN"]
[Source "lmi"]
[SourceDate "2007.03.31"]

1. e4 e5 2. Nf3 Nc6 3. Bc4 Nf6 4. d3 h6 5. Bb3 d6 6. c3 g6 7. Nbd2 Bg7 8. Nf1
O-O 9. Ng3 Qe7 10. O-O Bd7 11. h3 Kh7 12. Re1 Rae8 13. d4 Ng8 14. Bc2 Kh8 15.
b3 exd4 16. cxd4 Nb4 17. Bb1 c5 18. Bb2 Nc6 19. Qd2 cxd4 20. Bc2 Qf6 21. Kh2 h5
22. Ne2 Ne5 23. Neg1 Nh6 24. Bxd4 g5 25. Nxe5 dxe5 26. Be3 Be6 27. Bxg5 Qg6 28.
Nf3 f6 29. Be3 Rg8 30. Nh4 Qh7 31. Qe2 Bf8 32. Qf3 Qf7 33. g3 b6 34. Bd1 1-0

[Event "Dinamarca ch 2007"]
[Site "Aalborg DEN"]
[Date "2007.04.03"]
[Round "4.4"]
[White "Sahl, Bjarke"]
[Black "Pedersen, Nicolai Vesterbaek"]
[Result "1-0"]
[WhiteElo "2381"]
[BlackElo "2466"]
[PlyCount "93"]
[EventDate "2007.03.31"]
[EventType "swiss"]
[EventRounds "9"]
[EventCountry "DEN"]
[Source "lmi"]
[SourceDate "2007.03.31"]

1. d4 Nf6 2. c4 e6 3. Nf3 Bb4+ 4. Nbd2 b6 5. a3 Bxd2+ 6. Nxd2 Bb7 7. e3 O-O 8.
Bd3 Bxg2 9. Rg1 Bb7 10. e4 d6 11. Nf3 Bxe4 12. Bxe4 Nxe4 13. Bh6 g6 14. Qe2 d5
15. Bxf8 Qxf8 16. cxd5 exd5 17. Ne5 Qe7 18. O-O-O Nd7 19. Qb5 Nxe5 20. Qxd5
Nd3+ 21. Rxd3 Rd8 22. Qb3 Qd6 23. Qc2 Qxh2 24. Re1 Qf4+ 25. Kb1 h5 26. Ka1 h4
27. Qe2 Nd6 28. Re3 Kg7 29. Rf3 Qg5 30. Qc2 Rd7 31. Re5 Qg1+ 32. Ka2 Qg4 33.
Qc3 Ne4 34. Qe3 Nd2 35. Rf4 Qd1 36. Qd3 h3 37. Rg5 Rd6 38. Rh4 Rc6 39. d5 Rf6
40. Rg3 Qc1 41. Rgxh3 Rxf2 42. Qd4+ Rf6 43. Rh7+ Kf8 44. Rh8+ Ke7 45. Re3+ Kd7
46. Qa4+ c6 47. Qxa7+ 1-0

[Event "Dinamarca ch 2007"]
[Site "Aalborg DEN"]
[Date "2007.04.03"]
[Round "4.5"]
[White "Hansen, Lars Bo"]
[Black "Matthiesen, Martin"]
[Result "1-0"]
[WhiteElo "2575"]
[BlackElo "2365"]
[PlyCount "67"]
[EventDate "2007.03.31"]
[EventType "swiss"]
[EventRounds "9"]
[EventCountry "DEN"]
[Source "lmi"]
[SourceDate "2007.03.31"]

1. d4 d5 2. Nf3 Nf6 3. c4 dxc4 4. e3 e6 5. Bxc4 c5 6. O-O a6 7. b3 cxd4 8. Nxd4
Bd6 9. Bb2 O-O 10. Nd2 Qe7 11. Qf3 Ba3 12. Bxa3 Qxa3 13. Bd3 Nbd7 14. Qg3 b5
15. Be4 Nxe4 16. Nxe4 Bb7 17. Nd6 Rab8 18. Rac1 Qa5 19. Rfd1 Qb6 20. Nxb7 Rxb7
21. b4 Nb8 22. Rc5 Rd7 23. Rdc1 f6 24. Rc8 e5 25. Nf5 g6 26. e4 Qe6 27. Qg4 Qb6
28. Nh6+ Kg7 29. Rxb8 Rxb8 30. Qxd7+ Kxh6 31. Rc7 Qd4 32. Qh3+ Kg5 33. Qg3+ Kh6
34. Qh4# 1-0

[Event "Dinamarca ch 2007"]
[Site "Aalborg DEN"]
[Date "2007.04.03"]
[Round "4.6"]
[White "Rasmussen, Allan Stig"]
[Black "Kristiansen, Jens"]
[Result "1-0"]
[WhiteElo "2389"]
[BlackElo "2429"]
[PlyCount "147"]
[EventDate "2007.03.31"]
[EventType "swiss"]
[EventRounds "9"]
[EventCountry "DEN"]
[Source "lmi"]
[SourceDate "2007.03.31"]

1. e4 c5 2. d3 Nc6 3. f4 d5 4. Be2 e6 5. c3 Bd6 6. Nf3 Nge7 7. O-O f6 8. Qe1
Qc7 9. Na3 Bxf4 10. Nb5 Qb8 11. Bxf4 Qxf4 12. Nh4 Qe5 13. Bh5+ Qxh5 14. Nc7+
Kd8 15. Nxa8 Qe5 16. b4 Qb8 17. bxc5 Qxa8 18. exd5 exd5 19. Qg3 Rg8 20. Qd6+
Bd7 21. Nf5 Nxf5 22. Rxf5 Qb8 23. Qxb8+ Nxb8 24. Rxd5 Re8 25. Kf2 Kc7 26. Rh5
h6 27. Re1 Rxe1 28. Kxe1 Bg4 29. Rh4 Be6 30. Ra4 Nc6 31. Kd2 b5 32. cxb6+ axb6
33. Ra8 Kb7 34. Rh8 Ne5 35. Rh7 Kc6 36. Rxg7 Bf5 37. d4 Nc4+ 38. Ke2 Nd6 39.
Rg8 Kd5 40. Rb8 b5 41. Ke3 Bg6 42. Kf4 Bd3 43. Rh8 Nf7 44. Rf8 Ke6 45. Ra8 Nd6
46. a4 Be4 47. Ra6 Bxg2 48. a5 Kd7 49. Ra7+ Kc6 50. Rh7 Bd5 51. a6 Ne4 52. Rb7
Nxc3 53. Rb8 Na4 54. a7 Nb6 55. a8=Q+ Nxa8 56. Rxa8 b4 57. Ke3 b3 58. Kd3 f5
59. Ra6+ Kb5 60. Rd6 Be4+ 61. Kc3 b2 62. Kxb2 Kc4 63. Kc1 f4 64. Kd2 h5 65. Rh6
Kxd4 66. Rxh5 Bf3 67. Rg5 Bb7 68. Ke2 Ke4 69. h4 f3+ 70. Kf2 Kf4 71. Rg7 Be4
72. h5 Kf5 73. Re7 Bc2 74. h6 1-0

[Event "Dinamarca ch 2007"]
[Site "Aalborg DEN"]
[Date "2007.04.03"]
[Round "4.7"]
[White "Brinck-Claussen, Bjorn"]
[Black "Jacobsen, Bo"]
[Result "1-0"]
[WhiteElo "2346"]
[BlackElo "2301"]
[PlyCount "45"]
[EventDate "2007.03.31"]
[EventType "swiss"]
[EventRounds "9"]
[EventCountry "DEN"]
[Source "lmi"]
[SourceDate "2007.03.31"]

1. e4 g6 2. d4 Bg7 3. Nc3 c6 4. f4 b5 5. a3 d6 6. Nf3 Nd7 7. e5 Nb6 8. Bd3 Nh6
9. O-O O-O 10. Qe1 Bf5 11. Ne4 f6 12. Nf2 dxe5 13. dxe5 Qd5 14. b3 fxe5 15.
fxe5 Ng4 16. Bxf5 Nxf2 17. Rxf2 Rxf5 18. Bb2 c5 19. Rd1 Qc6 20. Rfd2 Qc7 21.
Qh4 h6 22. Qe4 Kh7 23. g4 1-0

[Event "Dinamarca ch 2007"]
[Site "Aalborg DEN"]
[Date "2007.04.03"]
[Round "4.8"]
[White "Boe, Mads"]
[Black "Glud, Jakob Vang"]
[Result "0-1"]
[WhiteElo "2351"]
[BlackElo "2425"]
[PlyCount "56"]
[EventDate "2007.03.31"]
[EventType "swiss"]
[EventRounds "9"]
[EventCountry "DEN"]
[Source "lmi"]
[SourceDate "2007.03.31"]

1. e4 e6 2. d4 d5 3. e5 c5 4. c3 Qb6 5. Nf3 Bd7 6. Be2 cxd4 7. cxd4 Bb5 8. Nc3
Bxe2 9. Qxe2 Ne7 10. O-O Nec6 11. Be3 Be7 12. Rac1 O-O 13. a3 a5 14. Rfd1 Nd7
15. h4 Rfc8 16. h5 Qa6 17. Kf1 Qxe2+ 18. Kxe2 a4 19. Bg5 f6 20. exf6 gxf6 21.
Be3 Kf7 22. g4 Rg8 23. Rg1 Nb6 24. Rcd1 Nc4 25. Bc1 b5 26. Nh4 b4 27. axb4 Bxb4
28. Rg3 Bxc3 0-1

[Event "Dinamarca ch 2007"]
[Site "Aalborg DEN"]
[Date "2007.04.03"]
[Round "4.9"]
[White "Bromann, Thorbjorn"]
[Black "Kristensen, Kaare"]
[Result "1-0"]
[WhiteElo "2399"]
[BlackElo "2316"]
[PlyCount "67"]
[EventDate "2007.03.31"]
[EventType "swiss"]
[EventRounds "9"]
[EventCountry "DEN"]
[Source "lmi"]
[SourceDate "2007.03.31"]

1. c4 e6 2. g3 d5 3. Bg2 Nf6 4. Nf3 c5 5. cxd5 exd5 6. d4 Nc6 7. O-O Be7 8.
dxc5 Bxc5 9. Bg5 O-O 10. Qc2 Be7 11. Nc3 d4 12. Rfd1 Qa5 13. Bxf6 Bxf6 14. Ne4
Qf5 15. Rd2 Re8 16. Nxf6+ Qxf6 17. Rad1 Bg4 18. h3 Bxf3 19. Bxf3 d3 20. Qxd3
Qe6 21. Qd7 Ne5 22. Qxe6 Nxf3+ 23. exf3 Rxe6 24. Rd7 h6 25. Rxb7 Rc8 26. Rd2 g5
27. Kg2 a6 28. Rb4 Re1 29. f4 f5 30. fxg5 hxg5 31. Rb7 Kf8 32. Rd5 f4 33. Rf5+
Ke8 34. Rxg5 1-0

[Event "Dinamarca ch 2007"]
[Site "Aalborg DEN"]
[Date "2007.04.04"]
[Round "5.1"]
[White "Hansen, Sune Berg"]
[Black "Hansen, Lars Bo"]
[Result "1/2-1/2"]
[WhiteElo "2560"]
[BlackElo "2575"]
[PlyCount "21"]
[EventDate "2007.03.31"]
[EventType "swiss"]
[EventRounds "9"]
[EventCountry "DEN"]
[Source "lmi"]
[SourceDate "2007.03.31"]

1. e4 e6 2. d4 d5 3. Nd2 c5 4. Ngf3 Nc6 5. exd5 exd5 6. Bb5 Bd6 7. dxc5 Bxc5 8.
O-O Nge7 9. Nb3 Bd6 10. h3 O-O 11. Re1 1/2-1/2

[Event "Dinamarca ch 2007"]
[Site "Aalborg DEN"]
[Date "2007.04.04"]
[Round "5.2"]
[White "Bromann, Thorbjorn"]
[Black "Pilgaard, Kim"]
[Result "0-1"]
[WhiteElo "2399"]
[BlackElo "2412"]
[PlyCount "84"]
[EventDate "2007.03.31"]
[EventType "swiss"]
[EventRounds "9"]
[EventCountry "DEN"]
[Source "lmi"]
[SourceDate "2007.03.31"]

1. e4 e5 2. Nf3 Nc6 3. Nc3 Nf6 4. g3 d5 5. exd5 Nxd5 6. Bg2 Nxc3 7. bxc3 Bd6 8.
O-O O-O 9. Rb1 Rb8 10. d4 Re8 11. Re1 exd4 12. Rxe8+ Qxe8 13. cxd4 Bg4 14. Be3
b5 15. Qd2 a5 16. d5 Bxf3 17. Bxf3 Ne5 18. Be2 b4 19. Ba7 Rd8 20. f4 Nd7 21.
Bb5 Qf8 22. Bxd7 Rxd7 23. Bf2 Qd8 24. Rd1 Bf8 25. Qd3 c6 26. c4 bxc3 27. Qxc3
Rxd5 28. Rd4 Rxd4 29. Bxd4 Qd5 30. a4 c5 31. Be3 Qd1+ 32. Kf2 Qxa4 33. Bxc5 Qc6
34. Bd4 Qxc3 35. Bxc3 Bb4 36. Bd4 f5 37. Ke2 Kf7 38. Kd3 Be7 39. Kc4 a4 40. Kb5
a3 41. Ka4 g6 42. Kb3 Ke6 0-1

[Event "Dinamarca ch 2007"]
[Site "Aalborg DEN"]
[Date "2007.04.04"]
[Round "5.3"]
[White "Schandorff, Lars"]
[Black "Pedersen, Steffen"]
[Result "1/2-1/2"]
[WhiteElo "2536"]
[BlackElo "2439"]
[PlyCount "37"]
[EventDate "2007.03.31"]
[EventType "swiss"]
[EventRounds "9"]
[EventCountry "DEN"]
[Source "lmi"]
[SourceDate "2007.03.31"]

1. d4 d5 2. c4 c6 3. Nf3 Nf6 4. e3 a6 5. Bd2 Ne4 6. Nc3 Nxd2 7. Qxd2 Bf5 8.
cxd5 cxd5 9. Ne5 Nd7 10. Bd3 Bxd3 11. Nxd3 e6 12. O-O Bd6 13. Rac1 O-O 14. Na4
Qe7 15. Rc2 Rad8 16. Rfc1 e5 17. dxe5 Nxe5 18. Nxe5 Bxe5 19. Nc3 1/2-1/2

[Event "Dinamarca ch 2007"]
[Site "Aalborg DEN"]
[Date "2007.04.04"]
[Round "5.4"]
[White "Rasmussen, Karsten"]
[Black "Rasmussen, Allan Stig"]
[Result "0-1"]
[WhiteElo "2462"]
[BlackElo "2389"]
[PlyCount "84"]
[EventDate "2007.03.31"]
[EventType "swiss"]
[EventRounds "9"]
[EventCountry "DEN"]
[Source "lmi"]
[SourceDate "2007.03.31"]

1. Nf3 d5 2. d4 Nf6 3. c4 dxc4 4. e3 e6 5. Bxc4 c5 6. O-O a6 7. Bb3 Nbd7 8. e4
Nxe4 9. Qe2 Nd6 10. d5 e5 11. Nxe5 Qe7 12. f4 f6 13. Qh5+ Kd8 14. Nf3 Qe8 15.
Qh4 Nf5 16. Qh3 Nb6 17. g4 c4 18. Re1 Qg6 19. Bc2 Bc5+ 20. Kh1 Ng3+ 21. Qxg3
Qxc2 22. Bd2 h5 23. g5 Bg4 24. Nc3 Qd3 25. Rf1 Bxf3+ 26. Rxf3 Qxd2 27. gxf6
gxf6 28. Rd1 Qc2 29. Qg7 Re8 30. Qxf6+ Kc8 31. d6 Nd7 32. Qf7 Rf8 33. Qxc4 Kb8
34. b4 Bb6 35. a4 Rc8 36. Qd3 Rxc3 37. Qxc2 Rxc2 38. f5 Ka7 39. f6 Rf8 40. a5
Bd8 41. f7 Bf6 42. Re1 Rxf7 0-1

[Event "Dinamarca ch 2007"]
[Site "Aalborg DEN"]
[Date "2007.04.04"]
[Round "5.5"]
[White "Glud, Jakob Vang"]
[Black "Lund, Esben"]
[Result "1-0"]
[WhiteElo "2425"]
[BlackElo "2309"]
[PlyCount "139"]
[EventDate "2007.03.31"]
[EventType "swiss"]
[EventRounds "9"]
[EventCountry "DEN"]
[Source "lmi"]
[SourceDate "2007.03.31"]

1. d4 Nf6 2. Nf3 c5 3. d5 b5 4. a4 Bb7 5. axb5 Bxd5 6. g3 Qb6 7. Bg2 Bb7 8. c4
e6 9. Nc3 d5 10. Na4 Qc7 11. Bf4 Bd6 12. Bxd6 Qxd6 13. b4 Nbd7 14. Rc1 Rc8 15.
cxd5 exd5 16. bxc5 Nxc5 17. O-O O-O 18. Nxc5 Rxc5 19. Nd4 Bc8 20. Qa4 Qb6 21.
Rxc5 Qxc5 22. e3 Bd7 23. Ra1 Ra8 24. Qa6 Bc8 25. Qc6 Qxc6 26. Nxc6 Bd7 27. Ne7+
Kf8 28. Nxd5 Rc8 29. Nxf6 gxf6 30. Bf1 Rc7 31. Bd3 h6 32. Kg2 Rc3 33. Bf1 Rc5
34. Rb1 Ke7 35. h3 Kd6 36. g4 f5 37. Ra1 fxg4 38. hxg4 Rc7 39. Kg3 Ke7 40. Ra6
f6 41. Kf4 Kf7 42. f3 Bc8 43. Ra3 Kg7 44. Bd3 Bd7 45. Ke4 Rb7 46. Ra5 Be8 47.
Bc4 h5 48. gxh5 Bxh5 49. Bd5 Rc7 50. Kd4 Be8 51. Bc4 Rd7+ 52. Bd5 Rc7 53. e4
Bd7 54. e5 fxe5+ 55. Kxe5 Be8 56. Kd6 Rd7+ 57. Kc5 Kf8 58. Bc6 Rf7 59. Kd6 Rh7
60. Ra4 Rf7 61. Re4 Bxc6 62. bxc6 Rxf3 63. c7 Rc3 64. Kd7 Rd3+ 65. Kc6 Rc3+ 66.
Kb7 Rb3+ 67. Kxa7 Rc3 68. Kb7 Rb3+ 69. Kc6 Rc3+ 70. Kd6 1-0

[Event "Dinamarca ch 2007"]
[Site "Aalborg DEN"]
[Date "2007.04.04"]
[Round "5.6"]
[White "Kristiansen, Jens"]
[Black "Sahl, Bjarke"]
[Result "1-0"]
[WhiteElo "2429"]
[BlackElo "2381"]
[PlyCount "79"]
[EventDate "2007.03.31"]
[EventType "swiss"]
[EventRounds "9"]
[EventCountry "DEN"]
[Source "lmi"]
[SourceDate "2007.03.31"]

1. d4 Nf6 2. c4 e6 3. Nc3 Bb4 4. Bg5 h6 5. Bh4 c5 6. d5 Qa5 7. Bxf6 gxf6 8. Qc2
f5 9. e3 Bxc3+ 10. bxc3 d6 11. Bd3 Rg8 12. Ne2 Nd7 13. O-O Ne5 14. f4 Nxd3 15.
Qxd3 Bd7 16. Ng3 O-O-O 17. e4 h5 18. dxe6 fxe6 19. exf5 h4 20. fxe6 Bxe6 21.
Nf5 Kb8 22. Ne7 Rg7 23. Nd5 Bxd5 24. cxd5 Rdg8 25. Rf2 Qb6 26. Re1 c4 27. Qe3
Qb5 28. Qd4 Rg4 29. h3 Rg3 30. f5 Rd3 31. Qxh4 Qxd5 32. f6 Rdg3 33. Qe4 Qf7 34.
Qe6 Qg6 35. Qxd6+ Kc8 36. Qe6+ Kb8 37. Qe4 Qf7 38. Qf4+ Ka8 39. Re7 Qg6 40. Qe4
1-0

[Event "Dinamarca ch 2007"]
[Site "Aalborg DEN"]
[Date "2007.04.04"]
[Round "5.7"]
[White "Hoi, Carsten"]
[Black "Pedersen, Nicolai Vesterbaek"]
[Result "1-0"]
[WhiteElo "2418"]
[BlackElo "2466"]
[PlyCount "35"]
[EventDate "2007.03.31"]
[EventType "swiss"]
[EventRounds "9"]
[EventCountry "DEN"]
[Source "lmi"]
[SourceDate "2007.03.31"]

1. d4 Nf6 2. Nf3 e6 3. e3 b6 4. Bd3 Bb7 5. O-O d5 6. b3 Bd6 7. Bb2 O-O 8. c4
Nbd7 9. Nc3 a6 10. Rc1 Re8 11. cxd5 exd5 12. Ne2 Ne4 13. Ng3 Qf6 14. Bxe4 dxe4
15. Ne5 Nc5 16. Ng4 Qg6 17. dxc5 Bxc5 18. h4 1-0

[Event "Dinamarca ch 2007"]
[Site "Aalborg DEN"]
[Date "2007.04.04"]
[Round "5.9"]
[White "Boe, Mads"]
[Black "Brinck-Claussen, Bjorn"]
[Result "1/2-1/2"]
[WhiteElo "2351"]
[BlackElo "2346"]
[PlyCount "20"]
[EventDate "2007.03.31"]
[EventType "swiss"]
[EventRounds "9"]
[EventCountry "DEN"]
[Source "lmi"]
[SourceDate "2007.03.31"]

1. e4 e6 2. d4 d5 3. e5 c5 4. c3 Nc6 5. Be3 Qb6 6. Qd2 Bd7 7. Nf3 Nh6 8. Bd3
Ng4 9. O-O Nxe3 10. fxe3 Be7 1/2-1/2

[Event "Dinamarca ch 2007"]
[Site "Aalborg DEN"]
[Date "2007.04.04"]
[Round "5.11"]
[White "Matthiesen, Martin"]
[Black "Rasmussen, Casper"]
[Result "0-1"]
[WhiteElo "2365"]
[BlackElo "2327"]
[PlyCount "94"]
[EventDate "2007.03.31"]
[EventType "swiss"]
[EventRounds "9"]
[EventCountry "DEN"]
[Source "lmi"]
[SourceDate "2007.03.31"]

1. d4 d5 2. c4 c6 3. Nf3 Nf6 4. Nc3 dxc4 5. a4 Bf5 6. e3 e6 7. Bxc4 Bb4 8. O-O
Bg6 9. Qe2 O-O 10. Ne5 Nbd7 11. Nxg6 hxg6 12. e4 Nb6 13. e5 Qxd4 14. exf6 Qxc4
15. fxg7 Rfd8 16. Qe3 Qd4 17. Qh6 Qxg7 18. Qh3 Rd4 19. Bg5 Bxc3 20. bxc3 Rxa4
21. Rxa4 Nxa4 22. c4 Nb6 23. Rd1 Nxc4 24. Qh4 Nd6 25. g4 Ne4 26. Be3 g5 27. Qh3
Qf6 28. Rd7 c5 29. f3 Qa1+ 30. Kg2 Qb2+ 31. Kg1 Qb1+ 32. Kg2 Qb5 33. Rxf7 Qe2+
34. Kh1 Qe1+ 35. Kg2 Qe2+ 36. Kh1 Kxf7 37. Qh7+ Kf6 38. Qxe4 Qf1+ 39. Bg1 Rf8
40. Qxb7 Rf7 41. Qe4 Rd7 42. Qa8 Ke7 43. f4 gxf4 44. Qc6 Rd5 45. Qb7+ Kf6 46.
Qb2+ Kg6 47. Qc2+ Qd3 0-1

[Event "Dinamarca ch 2007"]
[Site "Aalborg DEN"]
[Date "2007.04.04"]
[Round "5.12"]
[White "Kristensen, Kaare"]
[Black "Jakobsen, Ole"]
[Result "1-0"]
[WhiteElo "2316"]
[BlackElo "2379"]
[PlyCount "111"]
[EventDate "2007.03.31"]
[EventType "swiss"]
[EventRounds "9"]
[EventCountry "DEN"]
[Source "lmi"]
[SourceDate "2007.03.31"]

1. e4 c5 2. Nf3 a6 3. Nc3 e6 4. d4 cxd4 5. Nxd4 b5 6. Bd3 d6 7. Be3 Nf6 8. f4
Bb7 9. O-O Nbd7 10. f5 e5 11. Ne6 fxe6 12. fxe6 Nc5 13. Bxc5 dxc5 14. Rxf6 c4
15. Qh5+ g6 16. Rxf8+ Rxf8 17. Qxh7 Qe7 18. Qxg6+ Kd8 19. Be2 Kc7 20. Bf3 Rf6
21. Qg5 Qxe6 22. Qe3 Rd8 23. Qc5+ Kb8 24. Nd5 Rc8 25. Qe3 Rg6 26. a4 bxa4 27.
Kh1 Rh8 28. Rxa4 Rgh6 29. Rxc4 Rxh2+ 30. Kg1 Qh6 31. Qxh6 R2xh6 32. Kf2 Rc8 33.
Ne3 Rxc4 34. Nxc4 Rc6 35. b3 Bc8 36. Be2 Be6 37. Bd3 Bxc4 38. Bxc4 Rg6 39. Kf3
a5 40. g4 Kc7 41. Kg3 Rc6 42. Bd3 Kd6 43. Kh4 Ke6 44. Kh5 Kf7 45. Kg5 Rf6 46.
Bc4+ Kg7 47. Bd5 Rf3 48. c3 Kh7 49. Be6 Kg7 50. Bd5 Kh7 51. b4 a4 52. c4 Rb3
53. c5 Rxb4 54. c6 Rb8 55. Kf6 a3 56. Ke7 1-0

[Event "Dinamarca ch 2007"]
[Site "Aalborg DEN"]
[Date "2007.04.05"]
[Round "6.1"]
[White "Kristiansen, Jens"]
[Black "Hansen, Sune Berg"]
[Result "1-0"]
[WhiteElo "2429"]
[BlackElo "2560"]
[PlyCount "77"]
[EventDate "2007.03.31"]
[EventType "swiss"]
[EventRounds "9"]
[EventCountry "DEN"]
[Source "lmi"]
[SourceDate "2007.03.31"]

1. d4 d5 2. c4 c6 3. Nf3 dxc4 4. e4 b5 5. a4 e6 6. b3 Bb4+ 7. Bd2 Bxd2+ 8. Qxd2
Nf6 9. e5 Ne4 10. Qf4 Qa5+ 11. Nbd2 Nxd2 12. Nxd2 cxb3 13. Bd3 b2 14. Ra3 Nd7
15. O-O f5 16. exf6 Nxf6 17. Qd6 Qd8 18. Qxc6+ Bd7 19. Qc5 Rc8 20. Qxa7 bxa4
21. Nc4 O-O 22. Nxb2 Ra8 23. Qc5 Ra5 24. Qc2 Qe7 25. Rfa1 Qb4 26. Nc4 Rg5 27.
Ne5 Qb7 28. g3 Qd5 29. Nxd7 Qxd7 30. Rxa4 Rd5 31. Ra7 Qd8 32. Bc4 Rxd4 33.
Bxe6+ Kh8 34. Qc7 Rd1+ 35. Rxd1 Qxd1+ 36. Kg2 Ne8 37. Qc6 Qd6 38. Qc8 h6 39.
Rf7 1-0